| 000 | 00709nam a22002417a 4500 | ||
|---|---|---|---|
| 003 | OSt | ||
| 005 | 20191015101239.0 | ||
| 008 | 191015b xxu||||| |||| 00| 0 spa d | ||
| 020 | _a978-1-316-64674-8 | ||
| 040 | _cBiblioteca Ernesto Sábato | ||
| 092 |
_a425.076 _bM978b |
||
| 100 | _aMurphy, Raymond | ||
| 245 |
_aBasic grammar in use. _b Self-study reference and practice for students of American English |
||
| 250 | _a4a. ed. | ||
| 260 |
_aNew York _bCambridge University Press _c2017 |
||
| 300 | _a306 p | ||
| 500 | _aWith answers and ebook | ||
| 650 | _aINGLES-GRAMATICA | ||
| 650 | _aEJERCICIOS DE GRAMATICA | ||
| 700 | _aWilliam R. Smalzer | ||
| 700 | _aJoseph Chapple | ||
| 942 |
_2ddc _cBDGR |
||
| 999 |
_c33991 _d33991 |
||